La semilla hace la diferencia: revolución verde y selección genética en el cultivo de la papa en Costa Rica (1943-2015) /

Guardat en:
Dades bibliogràfiques
Autor principal: Coto Cedeño, Wainer Ignacio
Format: Llibre
Idioma:Spanish
Etiquetes: Afegir etiqueta
Sense etiquetes, Sigues el primer a etiquetar aquest registre!

MARC

LEADER 00000nam a22000007a 4500
003 cru CIDCACS/IIS
005 20200925161342.0
007 ta
008 170503s2016 cr ||||| |||| 00| 0 spa d
040 |c CRAI/IIS  |a CRAI/IIS 
100 1 |a Coto Cedeño, Wainer Ignacio  |9 4456 
245 1 3 |a La semilla hace la diferencia:  |b revolución verde y selección genética en el cultivo de la papa en Costa Rica (1943-2015) /  |c Wainer Ignacio Coto Cedeño 
300 |a páginas 93-103 :  |b gráfico 
773 0 |0 19251  |9 695  |a Universidad Nacional de Costa Rica.  |d Heredia, Costa Rica UNA; EUNA  |o R19099  |t Perspectivas Rurales / 
942 |2 ddc  |c PP 
999 |c 19258  |d 19258